00335nam a2200109Ia 4500008004100000020001800041040002900059050002400088100005300112245002900165260003100194221216s9999||||xx |||||||||||||| ||und|| a9780072977295 cChuka University Library aHG 4026 b.C37 2007 aKester, N. Carl, Richard S. Ruback, Peter Tufano 0aCase Problems in finance aMcgraw hill bBostonc2007